BISWAS ENCYCLOPEDIC LAW DICTIONARY (Record no. 216328)

MARC details
000 -LEADER
fixed length control field 00375nam a22001337a 4500
008 - FIXED-LENGTH DATA ELEMENTS--GENERAL INFORMATION
fixed length control field 251201b |||||||| |||| 00| 0 eng d
050 ## - LIBRARY OF CONGRESS CALL NUMBER
Classification number REF:KNS 26 .B57 2008
100 ## - MAIN ENTRY--PERSONAL NAME
Personal name DR. BISWAS A.R
245 ## - TITLE STATEMENT
Title BISWAS ENCYCLOPEDIC LAW DICTIONARY
Remainder of title LEGAL AND COMMERCIAL
260 ## - PUBLICATION, DISTRIBUTION, ETC.
Place of publication, distribution, etc. INDIA
Name of publisher, distributor, etc. WADHWA AND COMPANY
Date of publication, distribution, etc. 2008
300 ## - PHYSICAL DESCRIPTION
Extent X,1572
942 ## - ADDED ENTRY ELEMENTS (KOHA)
Source of classification or shelving scheme Library of Congress Classification
Koha item type Long Loan Book
Holdings
Withdrawn status Lost status Source of classification or shelving scheme Damaged status Not for loan Collection Home library Current library Shelving location Date acquired Inventory number Total checkouts Full call number Barcode Date last seen Copy number Price effective from Koha item type
    Library of Congress Classification     Reference Kisii University Library Kisii University Library On Display 12/01/2025 110266   REF:KNS 26 .B57 2008 000000021351 12/01/2025 C.1 12/01/2025 Long Loan Book
    Library of Congress Classification     Reference Kisii University Library Kisii University Library On Display 12/01/2025 110267   REF:KNS 26 .B57 2008 000000020960 12/01/2025 C.2 12/01/2025 Long Loan Book
    Library of Congress Classification     Reference Kisii University Library Kisii University Library On Display 12/01/2025 110268   REF:KNS 26 .B57 2008 000000020959 12/01/2025 C.3 12/01/2025 Long Loan Book